|
|
|
|
| LEADER |
02083nam a22004817i 4500 |
| 001 |
mzk03001242753 |
| 003 |
CZ BrMZK |
| 005 |
20230816182348.0 |
| 007 |
ta |
| 008 |
180319q18661870xr fr|||||00| ||czeod |
| 040 |
|
|
|a BOA001
|b cze
|c BOA001
|e rda
|
| 072 |
|
7 |
|a 094.5
|x Tisky (19. století)
|2 Konspekt
|9 12
|
| 080 |
|
|
|a (0.068)098
|2 MRF
|
| 100 |
1 |
|
|a Ježek, Josef
|4 aut
|
| 245 |
1 |
0 |
|a Welké utrpenj a wjtězstwj Bohabogné manželky /
|c Sepsánjm a nákladem Josefa Ježka
|
| 246 |
3 |
3 |
|a Velké utrpení a vítězství bohabojné manželky
|
| 264 |
|
1 |
|a [Česko?] :
|b Sepsánjm a nákladem Josefa Ježka,
|c [mezi 1866 a 1870?]
|
| 264 |
|
3 |
|a w Praze :
|b Tiskem Jana Spurného,
|c [mezi 1866 a 1870?]
|
| 300 |
|
|
|a 4 nečíslované listy ;
|c 8°
|
| 336 |
|
|
|a text
|b txt
|2 rdacontent
|
| 337 |
|
|
|a bez média
|b n
|2 rdamedia
|
| 338 |
|
|
|a svazek
|b nc
|2 rdacarrier
|
| 500 |
|
|
|a List /2a/: 1. Pro lásku Krista Ježjsse, zastaw // se křesťanská dusse, ...
|
| 500 |
|
|
|a V impresu: Přetisk a patisk se wýhradně zakazuge
|
| 500 |
|
|
|a Rozsah: 27 arabsky číslovaných slok
|
| 501 |
|
|
|a Přívazek 8 k: Nessťastný přjběh gak gedna děwečka zawraždila swou panj 12. března 1871, začež odprawena byla 20. kwětna 1872
|
| 510 |
4 |
|
|a Hlava, R. Čsl. etnografie,
|c 3, 1855, s. 400, č. 205
|
| 653 |
|
|
|a píseň - utrpení velké
|
| 653 |
|
|
|a písně duchovní
|
| 655 |
|
7 |
|a kramářské tisky
|7 fd119171
|2 czenas
|
| 740 |
0 |
2 |
|a Pro lásku Krista Ježjsse, zastaw se křesťanská dusse
|
| 740 |
0 |
2 |
|a Pro lásku Krista Ježíše, zastav se křesťanská duše
|
| 910 |
|
|
|a BOA001
|b VK-0000.560,přív.8
|
| 924 |
|
|
|a Pro lásku Krista Ježíše, zastav se křesťanská duše
|b Pro lásku Krista Ježjsse, zastaw se křesťanská dusse, ...
|
| 978 |
|
|
|b Ježek, Josef
|a s.l.
|c 1866-1870?
|
| 978 |
|
|
|b Spurný, Jan
|a Praha
|c 1866-1870?
|
| 984 |
|
|
|a S.l.
|b Česko
|
| 984 |
|
|
|a Praha
|b Česko
|
| 985 |
|
|
|a 1851-1900
|
| 990 |
|
|
|a BK
|
| 993 |
|
|
|a Y
|
| 991 |
|
|
|k mzk
|
| 994 |
|
|
|a UP
|l MZK03
|b 001242066
|m přívazek 8
|n záznam 1. díla (pro objednání pokračujte kliknutím)
|